| 000 | 01462cam a2200325 i 4500 | ||
|---|---|---|---|
| 003 | SA-RiAUC | ||
| 005 | 20250318132437.0 | ||
| 008 | 250314s1992 le g b 00000 ara c | ||
| 024 | 0 | _a33000000009232 | |
| 040 |
_aSA-RiAUC _bara _cSA-RiAUC _erda |
||
| 082 | 0 | 4 |
_a258.2 _qSA-RiAUC |
| 090 |
_a258.2 _bش ع ب |
||
| 100 | 1 |
_aالشعبي، عبد الرحمن بن قاسم، _dتوفي 499 هجري _eمؤلف. |
|
| 245 | 1 | 2 |
_aالأحكام / _cللقاضي أبي المطرف عبد الرحمن بن قاسم الشعبي المالقي (402-497 هـ) ؛ تقديم وتحقيق الدكتور الصادق الحلوي. |
| 250 | _aالطبعة الأولى. | ||
| 264 | 1 |
_aبيروت : _bدار الغرب الإسلامي، _c1992 |
|
| 300 |
_a634 صفحة ؛ _c24 سم |
||
| 336 |
_aنص _btxt _2rdacontent _3كتاب |
||
| 337 |
_aبدون وسيط _bn _2rdamedia |
||
| 338 |
_aمجلد _bnc _2rdacarrier |
||
| 500 | _aيشتمل على كشافات. | ||
| 504 | _aببليوجرافية : صفحة 571-580. | ||
| 504 | _aيشتمل على إرجاعات ببليوجرافية. | ||
| 650 | 7 |
_aالفقه المالكي _2aucsh |
|
| 650 | 7 |
_aالفقه الإسلامي _xمذاهب _2aucsh |
|
| 700 | 1 | 2 |
_iتحقيق (عمل) _aالشعبي، عبد الرحمن بن قاسم، _dتوفي 499 هجري. _tالأحكام. |
| 700 | 1 |
_aالحلوي، الصادق _eمقدم. |
|
| 942 |
_2ddc _cBOOK _n0 |
||
| 949 |
_aSA-JeALM _d250314 _umohamedma123 _n1 |
||
| 999 |
_c6508 _d6508 |
||